[Event "WSCC  M65 2019"]
[Site "Bucharest"]
[Date "2019.11.12"]
[Round "1.43"]
[White "Ciuro Munoz, Ricardo"]
[Black "Birnboim, Nathan"]
[Result "0-1"]
[WhiteElo "1989"]
[BlackElo "2397"]
[Annotator "NA"]
[PlyCount "124"]
[EventDate "2019.11.12"]
[EventType "swiss"]
[EventCountry "ROU"]
[SourceTitle "playchess.com"]
[Source "ChessBase"]
[SourceQuality "1"]
[TimeControl "40/5400+30:1800+30"]

1. e4 {[%emt 0:00:00]} g6 {[%emt 0:00:00]} 2. d4 {[%emt 0:01:23]} c6 3. Nf3 d5 4. exd5 {[%emt 0:01:00]} cxd5 {[%emt 0:01:10]} 5. Bd3 {[%emt 0:01:01]} Bg7 {[%emt 0:00:21]} 6. c3 {[%emt 0:00:22]} Nf6 {[%emt 0:01:41]} 7. Bf4 {[%emt 0:02:50]} Nc6 {[%emt 0:03:22]} 8. h3 {[%emt 0:00:27]} O-O {[%emt 0:00:37]} 9. O-O {[%emt 0:00:47]} Qb6 {[%emt 0:12:08]} 10. Qb3 {[%emt 0:00:50]} Nd7 {[%emt 0:05:32]} 11. Re1 {[%emt 0:04:44]} Re8 {[%emt 0:07:44]} 12. Nbd2 {[%emt 0:03:41]} Qxb3 {[%emt 0:08:48]} 13. axb3 {[%emt 0:00:49]} f6 {[%emt 0:00:46]} 14. b4 {[%emt 0:07:55]} e5 {[%emt 0:01:09]} 15. Bb5 {[%emt 0:02:35]} Kf7 {[%emt 0:15:09]} 16. dxe5 {[%emt 0:11:16]} fxe5 {[%emt 0:00:15]} 17. Be3 {[%emt 0:05:19]} e4 {[%emt 0:06:00]} 18. Bxc6 {[%emt 0:12:45]} bxc6 {[%emt 0:00:07]} 19. Nd4 {[%emt 0:00:09]} Ne5 {[%emt 0:00:48]} 20. N2b3 {[%emt 0:02:28]} Nd3 {[%emt 0:07:08]} 21. Reb1 {[%emt 0:04:40]} Bd7 {[%emt 0:00:29]} 22. Ra6 {[%emt 0:03:16]} Rec8 {[%emt 0:00:23]} 23. Rba1 {[%emt 0:00:29]} Rc7 {[%emt 0:01:44]} 24. Nc5 {[%emt 0:00:52]} Nxc5 {[%emt 0:07:49]} 25. bxc5 {[%emt 0:00:12]} Be5 {[%emt 0:07:08]} 26. b4 {[%emt 0:02:34]} Bxd4 {[%emt 0:02:36]} 27. Bxd4 {[%emt 0:04:03]} Bc8 {[%emt 0:00:05]} 28. R6a5 {[%emt 0:01:22]} a6 {[%emt 0:03:21]} 29. Kf1 {[%emt 0:04:52]} Bb7 {[%emt 0:00:56]} 30. Ke2 {[%emt 0:00:29]} g5 {[%emt 0:00:28]} 31. f3 {[%emt 0:00:25]} Re8 {[%emt 0:00:52]} 32. Rf1 {[%emt 0:03:48]} Kg6 {[%emt 0:00:30]} 33. f4 {[%emt 0:01:17]} Rf7 {[%emt 0:00:46]} 34. fxg5 {[%emt 0:01:52]} Rxf1 {[%emt 0:00:07]} 35. Kxf1 {[%emt 0:00:07]} Kxg5 {[%emt 0:00:10]} 36. Be3+ {[%emt 0:01:10]} Kg6 {[%emt 0:00:23]} 37. Ke2 {[%emt 0:00:58]} h5 {[%emt 0:00:10]} 38. g3 {[%emt 0:00:37]} Rf8 {[%emt 0:00:22]} 39. Ra1 {[%emt 0:01:43]} Rf3 {[%emt 0:00:21]} 40. Rg1 {[%emt 0:00:00]} Bc8 {[%emt 0:00:00]} 41. h4 {[%emt 0:00:47]} Bg4 {[%emt 0:01:14]} 42. Kd2 {[%emt 0:00:17]} Bh3 {[%emt 0:01:28]} 43. Ra1 {[%emt 0:01:34]} Bf1 {[%emt 0:03:56]} 44. Re1 {[%emt 0:02:53]} Bd3 {[%emt 0:05:24]} 45. Rg1 {[%emt 0:01:34]} Kf5 {[%emt 0:01:09]} 46. Bf4 {[%emt 0:08:37]} Kg4 {[%emt 0:00:42]} 47. Re1 {[%emt 0:01:16]} Bc4 {[%emt 0:01:53]} 48. Re3 {[%emt 0:01:36]} Rf2+ {[%emt 0:00:40]} 49. Ke1 {[%emt 0:01:44]} Ra2 {[%emt 0:01:09]} 50. Be5 {[%emt 0:00:34]} Kh3 {[%emt 0:03:59]} 51. Kd1 {[%emt 0:03:08]} Kg2 {[%emt 0:01:16]} 52. Bd4 {[%emt 0:00:07]} Bb3+ {[%emt 0:02:53]} 53. Ke1 {[%emt 0:00:58]} Ra1+ {[%emt 0:00:36]} 54. Kd2 {[%emt 0:02:22]} Kf1 {[%emt 0:00:46]} 55. c4 {[%emt 0:02:51]} Rd1+ {[%emt 0:00:20]} 56. Kc3 {[%emt 0:00:15]} Bxc4 {[%emt 0:00:45]} 57. g4 {[%emt 0:00:17]} hxg4 {[%emt 0:05:58]} 58. Rg3 {[%emt 0:00:01]} Rd3+ {[%emt 0:02:25]} 59. Rxd3 {[%emt 0:00:28]} Bxd3 {[%emt 0:00:16]} 60. Kd2 {[%emt 0:02:45]} g3 {[%emt 0:04:23]} 61. h5 {[%emt 0:00:01]} e3+ {[%emt 0:02:28]} 62. Kxe3 {[%emt 0:10:00]} Be4 0-1

[Event "WSCC  M65 2019"]
[Site "Bucharest"]
[Date "2019.11.12"]
[Round "1.44"]
[White "Mochalov, Evgeny V"]
[Black "Dumitrascu, Cornel"]
[Result "1-0"]
[WhiteElo "2374"]
[BlackElo "1985"]
[Annotator "NA"]
[PlyCount "60"]
[EventDate "2019.11.12"]
[EventType "swiss"]
[EventCountry "ROU"]
[SourceTitle "playchess.com"]
[Source "ChessBase"]
[SourceQuality "1"]
[TimeControl "40/5400+30:1800+30"]

1. d4 {[%emt 0:00:00]} Nf6 {[%emt 0:00:00]} 2. c4 {[%emt 0:00:00]} e6 {[%emt 0:00:00]} 3. g3 {[%emt 0:00:00]} d5 {[%emt 0:00:15]} 4. Nf3 {[%emt 0:00:00]} Nbd7 {[%emt 0:00:23]} 5. Bg2 {[%emt 0:00:12]} c6 {[%emt 0:00:12]} 6. O-O {[%emt 0:00:45]} Be7 {[%emt 0:00:13]} 7. Qc2 {[%emt 0:00:37]} O-O {[%emt 0:00:28]} 8. Nbd2 {[%emt 0:00:15]} b6 {[%emt 0:02:00]} 9. e4 {[%emt 0:00:17]} Bb7 {[%emt 0:00:10]} 10. e5 {[%emt 0:01:02]} Ne8 {[%emt 0:00:22]} 11. cxd5 {[%emt 0:01:27]} cxd5 {[%emt 0:00:31]} 12. Re1 {[%emt 0:01:01]} Rc8 {[%emt 0:00:41]} 13. Qa4 {[%emt 0:04:01]} a5 {[%emt 0:02:19]} 14. Bf1 {[%emt 0:03:21]} Bc6 {[%emt 0:02:17]} 15. Qd1 {[%emt 0:01:30]} b5 {[%emt 0:00:38]} 16. Bd3 {[%emt 0:01:04]} b4 {[%emt 0:13:19]} 17. Nf1 {[%emt 0:03:08]} Qb6 {[%emt 0:01:29]} 18. Bg5 {[%emt 0:02:14]} Qd8 {[%emt 0:00:54]} 19. Qd2 {[%emt 0:10:44]} g6 {[%emt 0:02:30]} 20. Bh6 {[%emt 0:08:28]} Ng7 {[%emt 0:00:15]} 21. h4 {[%emt 0:00:09]} Re8 {[%emt 0:00:51]} 22. N1h2 {[%emt 0:01:27]} Nf5 {[%emt 0:01:30]} 23. Ng4 {[%emt 0:03:40]} Nxh6 {[%emt 0:06:58]} 24. Nxh6+ {[%emt 0:01:30]} Kg7 {[%emt 0:00:10]} 25. Ng5 {[%emt 0:00:18]} Bxg5 {[%emt 0:00:20]} 26. hxg5 {[%emt 0:00:08]} Qb6 {[%emt 0:00:46]} 27. Qf4 {[%emt 0:01:23]} Rf8 {[%emt 0:00:12]} 28. Rac1 {[%emt 0:04:07]} Bb7 {[%emt 0:00:55]} 29. Rxc8 {[%emt 0:00:17]} Bxc8 {[%emt 0:00:11]} 30. Rc1 {[%emt 0:12:17]} Bb7 {[%emt 0:01:56]} 1-0

[Event "WSCC  M65 2019"]
[Site "Bucharest"]
[Date "2019.11.12"]
[Round "1.45"]
[White "Valenti, Giuseppe"]
[Black "Bogdanov, Valentin"]
[Result "1/2-1/2"]
[WhiteElo "1982"]
[BlackElo "2350"]
[Annotator "ChessBase"]
[PlyCount "91"]
[EventDate "2019.11.12"]
[EventType "swiss"]
[EventCountry "ROU"]
[SourceTitle "playchess.com"]
[Source "ChessBase"]
[SourceQuality "1"]
[TimeControl "40/5400+30:1800+30"]

1. e4 {[%emt 0:16:11]} Nf6 {[%emt 0:00:00]} 2. e5 {[%emt 0:00:44]} Nd5 {[%emt 0:00:00]} 3. d4 {[%emt 0:00:26]} d6 {[%emt 0:00:00]} 4. Nf3 Bg4 {[%emt 0:00:40]} 5. Be2 {[%emt 0:00:18]} e6 {[%emt 0:00:27]} 6. exd6 {[%emt 0:00:14]} cxd6 {[%emt 0:00:32]} 7. c4 {[%emt 0:00:16]} Nf6 {[%emt 0:00:28]} 8. O-O {[%emt 0:00:16]} Be7 {[%emt 0:00:31]} 9. Nc3 O-O {[%emt 0:01:06]} 10. Be3 {[%emt 0:00:48]} d5 {[%emt 0:02:03]} 11. h3 {[%emt 0:00:45]} Bh5 {[%emt 0:00:57]} 12. Qb3 {[%emt 0:00:27]} Nc6 {[%emt 0:03:00]} 13. cxd5 Na5 {[%emt 0:01:03]} 14. Qa4 {[%emt 0:06:05]} Nxd5 {[%emt 0:01:22]} 15. Nxd5 {[%emt 0:08:04]} Qxd5 {[%emt 0:00:23]} 16. Rac1 {[%emt 0:01:36]} a6 {[%emt 0:12:19]} 17. g4 {[%emt 0:01:25]} Bg6 {[%emt 0:01:40]} 18. Ne5 {[%emt 0:00:07]} Rfc8 {[%emt 0:16:00]} 19. Bf3 {[%emt 0:03:20]} Qb5 {[%emt 0:00:19]} 20. Qxb5 {[%emt 0:03:52]} axb5 {[%emt 0:00:02]} 21. a3 {[%emt 0:01:55]} Bd6 {[%emt 0:04:17]} 22. b4 {[%emt 0:04:59]} Nc6 {[%emt 0:06:09]} 23. Nxc6 {[%emt 0:10:34]} bxc6 {[%emt 0:00:02]} 24. Rxc6 {[%emt 0:00:34]} Rxc6 {[%emt 0:00:24]} 25. Bxc6 {[%emt 0:00:09]} Rxa3 {[%emt 0:00:15]} 26. Bxb5 {[%emt 0:01:00]} Bxb4 {[%emt 0:00:21]} 27. Rc1 {[%emt 0:01:13]} h5 {[%emt 0:01:57]} 28. Rc8+ {[%emt 0:02:29]} Kh7 {[%emt 0:00:10]} 29. Bc6 {[%emt 0:04:22]} hxg4 {[%emt 0:19:33]} 30. hxg4 {[%emt 0:00:12]} Rc3 {[%emt 0:03:46]} 31. Bb7 {[%emt 0:02:23]} Rxc8 {[%emt 0:02:49]} 32. Bxc8 {[%emt 0:00:03]} Be4 {[%emt 0:00:12]} 33. Kh2 {[%emt 0:01:36]} Bd6+ {[%emt 0:00:14]} 34. Kh3 {[%emt 0:01:19]} Bd5 {[%emt 0:03:11]} 35. Ba6 {[%emt 0:00:26]} f6 {[%emt 0:00:52]} 36. Bd3+ {[%emt 0:00:19]} g6 {[%emt 0:00:16]} 37. f4 {[%emt 0:03:29]} Kg7 {[%emt 0:00:19]} 38. Kh4 {[%emt 0:04:40]} Kf7 {[%emt 0:00:25]} 39. f5 {[%emt 0:01:52]} g5+ {[%emt 0:06:33]} 40. Kh3 {[%emt 0:00:00]} exf5 {[%emt 0:00:00]} 41. Bxf5 {[%emt 0:04:24]} Bb4 {[%emt 0:03:07]} 42. Kg3 {[%emt 0:00:32]} Be1+ {[%emt 0:00:22]} 43. Kh2 {[%emt 0:00:38]} Ke7 {[%emt 0:00:23]} 44. Kg1 {[%emt 0:00:40]} Kd6 {[%emt 0:00:56]} 45. Kf1 {[%emt 0:00:16]} Bb4 {[%emt 0:00:36]} 46. Ke2 {[%emt 0:00:27] Ke5} 1/2-1/2

[Event "WSCC  M65 2019"]
[Site "Bucharest"]
[Date "2019.11.12"]
[Round "1.46"]
[White "Shirazi, Kamran"]
[Black "Olesen, Poul Erik Norgaard"]
[Result "1-0"]
[WhiteElo "2349"]
[BlackElo "1978"]
[Annotator "NA"]
[PlyCount "57"]
[EventDate "2019.11.12"]
[EventType "swiss"]
[EventCountry "ROU"]
[SourceTitle "playchess.com"]
[Source "ChessBase"]
[SourceQuality "1"]
[TimeControl "40/5400+30:1800+30"]

1. d4 {[%emt 0:03:03]} g6 {[%emt 0:00:00]} 2. e4 {[%emt 0:00:07]} Bg7 {[%emt 0:00:00]} 3. Bc4 {[%emt 0:00:18]} d6 {[%emt 0:01:15]} 4. Nf3 {[%emt 0:00:12]} Nf6 {[%emt 0:00:12]} 5. Nc3 {[%emt 0:00:37]} O-O {[%emt 0:00:30]} 6. Be3 {[%emt 0:00:38]} Nxe4 {[%emt 0:01:53]} 7. Nxe4 {[%emt 0:00:24]} d5 {[%emt 0:00:11]} 8. Bd3 {[%emt 0:02:10]} dxe4 {[%emt 0:00:09]} 9. Bxe4 {[%emt 0:00:10]} Nd7 {[%emt 0:02:33]} 10. c3 {[%emt 0:02:19]} c6 {[%emt 0:05:10]} 11. Bc2 {[%emt 0:01:03]} e5 {[%emt 0:02:33]} 12. O-O {[%emt 0:04:51]} Qc7 {[%emt 0:03:09]} 13. dxe5 {[%emt 0:03:45]} Nxe5 {[%emt 0:00:15]} 14. Nxe5 {[%emt 0:00:23]} Bxe5 {[%emt 0:00:13]} 15. f4 {[%emt 0:00:14]} Bg7 {[%emt 0:08:01]} 16. Qf3 {[%emt 0:00:18]} Be6 {[%emt 0:07:19]} 17. f5 {[%emt 0:00:10]} Bd5 {[%emt 0:00:56]} 18. Qh3 {[%emt 0:00:25]} Rfe8 {[%emt 0:03:04]} 19. Rf2 {[%emt 0:11:13]} Be5 {[%emt 0:10:15]} 20. Bg5 {[%emt 0:12:03]} f6 {[%emt 0:10:51]} 21. fxg6 {[%emt 0:09:09]} fxg5 {[%emt 0:02:25]} 22. Rf7 {[%emt 0:00:33]} Bxf7 {[%emt 0:13:39]} 23. gxf7+ {[%emt 0:00:30]} Kxf7 {[%emt 0:00:15]} 24. Qxh7+ {[%emt 0:00:10]} Ke6 {[%emt 0:00:42]} 25. Qf5+ {[%emt 0:04:29]} Kd6 {[%emt 0:07:21]} 26. Rd1+ {[%emt 0:00:31]} Kc5 {[%emt 0:00:50]} 27. Qf2+ {[%emt 0:00:05]} Kb5 {[%emt 0:00:28]} 28. Bd3+ {[%emt 0:00:10]} Ka5 {[%emt 0:00:23]} 29. b4+ 1-0

[Event "WSCC  M65 2019"]
[Site "Bucharest"]
[Date "2019.11.12"]
[Round "1.47"]
[White "Spulber, Cicirone"]
[Black "Okhotnik, Vladimir"]
[Result "0-1"]
[WhiteElo "1973"]
[BlackElo "2346"]
[Annotator "TA"]
[PlyCount "74"]
[EventDate "2019.11.12"]
[EventType "swiss"]
[EventCountry "ROU"]
[SourceTitle "playchess.com"]
[Source "ChessBase"]
[SourceQuality "1"]

{[%evp 17,115,4,13,10,19,8,18,25,25,25,23,23,28,29,22,18,29,7,3,0,5,0,0,0,0,0,0,0,33,-2,-8,-23,0,0,0,0,29,0,0,0,0,0,0,0,0,-21,0,-22,0,-31,-31,-39,-37,-90,-54,-57,0,-106,-85,-119,-85,-92,-122,-176,-184,-185,-185,-220,-206,-211,-213,-173,-157,-262,-260,-389,-383,-370,-306,-273,-273,-277,-278,-469,-470,-404,-78,-85,-93,-152,-141,-155,-145,-199,-185,-202,-192,-334,-334,-349]} 1. Nf3 Nf6 2. c4 Nc6 3. Nc3 e5 4. g3 Bc5 5. d3 h6 6. Bg2 d6 7. O-O O-O 8. a3 a6 9. b4 Ba7 10. Rb1 {A29: English Opening: Four Knights Variation with 4 g3} (10. Bb2 Be6 11. Rc1 Qd7 12. e3 Ne7 13. d4 exd4 14. Nxd4 Bxc4 15. Ne4 Nxe4 16. Rxc4 d5 17. Bxe4 Rfd8 18. Bh7+ Kh8 {1-0 (44) Artemiev,V (2746)-Iturrizaga Bonelli,E (2629) Douglas 2019}) 10... Ne7 11. e4 $146 ({Predecessor:} 11. a4 Ng6 12. b5 c6 13. bxa6 bxa6 14. Ba3 Re8 15. Nd2 d5 16. cxd5 cxd5 {1-0 (54) Jobava,B (2644)-Fedorchuk,S (2645) Benidorm 2007}) 11... Ng6 12. Qe2 {The position is equal.} c6 13. Be3 Bxe3 14. Qxe3 Ng4 15. Qd2 f5 16. exf5 Bxf5 17. Rbe1 Nf6 18. h3 Qd7 19. Kh2 Rae8 20. Ne4 Nxe4 21. dxe4 Be6 22. Qc3 Rf6 23. Nd2 Ref8 24. f3 Qe7 25. Qe3 h5 26. h4 $1 Nh8 27. Bh3 Bxh3 28. Kxh3 Nf7 29. Kg2 Nd8 30. c5 Rg6 {Strongly threatening ...Qxh4.} 31. Kf2 Nf7 32. cxd6 Nxd6 33. Qb3+ Kh7 34. Re3 Nb5 35. Qc4 (35. Rd3 $15) 35... Qd7 36. Rd3 Nd4 (36... Rd6 $15 37. Rxd6 Qxd6) 37. Nb3 {[#]} (37. Qc5 $11 Kg8 38. Kg2) 37... b5 {Played: Qd7-g4} 0-1

[Event "WSCC  M65 2019"]
[Site "Bucharest"]
[Date "2019.11.12"]
[Round "1.48"]
[White "Berkovich, Mark A"]
[Black "Ladisic, Alex-Sacha"]
[Result "1-0"]
[WhiteElo "2336"]
[BlackElo "1972"]
[Annotator "NA"]
[PlyCount "45"]
[EventDate "2019.11.12"]
[EventType "swiss"]
[EventCountry "ROU"]
[SourceTitle "playchess.com"]
[Source "ChessBase"]
[SourceQuality "1"]
[TimeControl "40/5400+30:1800+30"]

1. d4 {[%emt 0:00:00]} Nf6 {[%emt 0:00:00]} 2. Nf3 {[%emt 0:00:00]} d6 {[%emt 0:00:00]} 3. g3 {[%emt 0:00:23]} g6 {[%emt 0:00:38]} 4. Bg2 {[%emt 0:00:32]} Bg7 {[%emt 0:00:06]} 5. O-O {[%emt 0:00:10]} O-O {[%emt 0:00:06]} 6. b3 {[%emt 0:00:06]} Nc6 {[%emt 0:03:29]} 7. Bb2 {[%emt 0:00:26]} e5 {[%emt 0:01:27]} 8. dxe5 {[%emt 0:00:16]} Ng4 {[%emt 0:00:06]} 9. c4 {[%emt 0:01:44]} Ngxe5 {[%emt 0:01:19]} 10. Nxe5 {[%emt 0:04:04]} Nxe5 {[%emt 0:00:10]} 11. Nc3 {[%emt 0:00:57]} a5 {[%emt 0:10:33]} 12. Rc1 {[%emt 0:15:50]} Re8 {[%emt 0:17:24]} 13. Qd2 {[%emt 0:01:28]} Rb8 {[%emt 0:02:47]} 14. h3 {[%emt 0:05:08]} Bd7 {[%emt 0:05:11]} 15. Nb5 {[%emt 0:11:20]} b6 {[%emt 0:15:09]} 16. Rfd1 {[%emt 0:10:07]} f6 {[%emt 0:09:39]} 17. Ba3 {[%emt 0:06:12]} Kh8 {[%emt 0:05:34]} 18. Nxc7 {[%emt 0:07:19]} Qxc7 {[%emt 0:00:24]} 19. Bxd6 {[%emt 0:00:05]} Qc8 {[%emt 0:02:14]} 20. Bxb8 {[%emt 0:02:33]} Bxh3 {[%emt 0:01:33]} 21. Bxe5 {[%emt 0:01:27]} fxe5 {[%emt 0:00:33]} 22. Bxh3 {[%emt 0:01:04]} Qxh3 {[%emt 0:00:07]} 23. Qd7 {[%emt 0:00:12]} 1-0

[Event "WSCC  M65 2019"]
[Site "Bucharest"]
[Date "2019.11.12"]
[Round "1.49"]
[White "Bondar, Leonid"]
[Black "Renman, Nils-Gustaf"]
[Result "0-1"]
[WhiteElo "1971"]
[BlackElo "2331"]
[Annotator "TA"]
[PlyCount "32"]
[EventDate "2019.11.12"]
[EventType "swiss"]
[EventCountry "ROU"]
[SourceTitle "playchess.com"]
[Source "ChessBase"]
[SourceQuality "1"]

{[%evp 20,104,-8,-10,-15,-20,0,-58,-41,-53,-42,-62,-62,-117,-79,-38,-21,-23,0,0,0,-113,-120,-121,-118,-119,-117,-116,-123,-137,-132,-130,-125,-178,-142,-216,-209,-280,-281,-303,-301,-287,-257,-285,-286,-285,-156,-573,-563,-554,-530,-702,-670,-825,-831,-1154,-1208,-1537,-1541,-29965,-4806,-5189,-2119,-2764,-2616,-2818,-2609,-2972,-2819,-29985,-29986,-29986,-29987,-29987,-29988,-29988,-29989,-29989,-29990,-29990,-29991,-29991,-29992,-29992,-29989,-29989,-29990]} 1. e4 e6 2. d4 d5 3. Nd2 c5 4. Ngf3 Nc6 5. exd5 exd5 6. dxc5 Bxc5 7. Nb3 Bb6 8. Be2 Nf6 9. O-O h6 10. c3 O-O 11. Nfd4 Re8 {C09: French Tarrasch: 3...c5 4 exd5 exd5 5 Ngf3 Nc6} 12. Be3 a6 $146 ({Predecessor:} 12... Ne5 13. Nc2 Bc7 14. h3 Ng6 15. f4 Bf5 16. Bd3 Nh4 17. Nbd4 Be4 18. Bxe4 Rxe4 19. Nb5 {0-1 (47) Seletsky,G (2318)-Short,N (2707) Bastia 2012}) 13. h3 ({Better is} 13. Re1 $11) 13... Bc7 $15 {Hoping for ...Qd6.Black is slightly better.} 14. Nf3 Ne4 15. Nbd4 Qd6 16. c4 {[#]} ({White should play} 16. Bd3 $15) 16... Ng5 {Played: Ne4-g3} 0-1

[Event "WSCC  M65 2019"]
[Site "Bucharest"]
[Date "2019.11.12"]
[Round "1.50"]
[White "Povah, Nigel E"]
[Black "Myall, Ivan J"]
[Result "1-0"]
[WhiteElo "2314"]
[BlackElo "1971"]
[Annotator "NA"]
[PlyCount "77"]
[EventDate "2019.11.12"]
[EventType "swiss"]
[EventCountry "ROU"]
[SourceTitle "playchess.com"]
[Source "ChessBase"]
[SourceQuality "1"]
[TimeControl "40/5400+30:1800+30"]

1. d4 {[%emt 0:00:00]} Nf6 {[%emt 0:00:00]} 2. Bf4 {[%emt 0:00:00]} c5 {[%emt 0:00:00]} 3. d5 {[%emt 0:00:31]} b5 {[%emt 0:00:08]} 4. c4 {[%emt 0:01:58]} b4 {[%emt 0:04:42]} 5. Nd2 {[%emt 0:12:38]} d6 {[%emt 0:01:44]} 6. e4 {[%emt 0:00:36]} g6 {[%emt 0:03:40]} 7. Be2 {[%emt 0:01:14]} Bg7 {[%emt 0:01:36]} 8. h3 {[%emt 0:02:22]} Nbd7 {[%emt 0:10:16]} 9. Qc2 {[%emt 0:06:52]} Qb6 {[%emt 0:02:26]} 10. Bh2 {[%emt 0:06:32]} O-O {[%emt 0:12:19]} 11. f4 {[%emt 0:05:52]} Ne8 {[%emt 0:04:14]} 12. Ngf3 {[%emt 0:06:07]} e6 {[%emt 0:09:49]} 13. O-O {[%emt 0:05:59]} exd5 {[%emt 0:00:27]} 14. exd5 {[%emt 0:02:11]} Ndf6 {[%emt 0:02:08]} 15. Rae1 {[%emt 0:07:40]} Nc7 {[%emt 0:02:33]} 16. Kh1 {[%emt 0:07:06]} a5 {[%emt 0:04:04]} 17. Bd3 {[%emt 0:01:01]} a4 {[%emt 0:00:08]} 18. f5 Bd7 19. fxg6 {[%emt 0:05:02]} hxg6 {[%emt 0:17:35]} 20. Ng5 {[%emt 0:04:36]} b3 {[%emt 0:05:17]} 21. axb3 {[%emt 0:00:42]} axb3 {[%emt 0:00:05]} 22. Qb1 {[%emt 0:05:54]} Rae8 {[%emt 0:03:42]} 23. Nde4 {[%emt 0:01:46]} Nxe4 {[%emt 0:04:35]} 24. Nxe4 {[%emt 0:01:44]} f5 {[%emt 0:01:42]} 25. Nxd6 {[%emt 0:02:20]} Rxe1 {[%emt 0:00:20]} 26. Qxe1 {[%emt 0:00:16]} Ba4 {[%emt 0:04:38]} 27. g4 {[%emt 0:05:15]} f4 {[%emt 0:01:34]} 28. Qe7 {[%emt 0:03:08]} Bf6 {[%emt 0:00:13]} 29. Qe4 {[%emt 0:00:16]} Bg7 {[%emt 0:01:45]} 30. Qxg6 {[%emt 0:00:24]} Rf6 {[%emt 0:00:02]} 31. Qh7+ {[%emt 0:00:36]} Kf8 {[%emt 0:00:01]} 32. Nf5 {[%emt 0:01:19]} Ne8 {[%emt 0:00:10]} 33. Bxf4 {[%emt 0:01:13]} Bd7 {[%emt 0:02:11]} 34. Be5 {[%emt 0:01:59]} Bxf5 {[%emt 0:00:40]} 35. Rxf5 {[%emt 0:00:40]} Rxf5 {[%emt 0:00:34]} 36. Qxf5+ {[%emt 0:00:09]} Kg8 {[%emt 0:00:54]} 37. d6 {[%emt 0:00:37]} Qb7+ {[%emt 0:00:19]} 38. Be4 {[%emt 0:00:08]} Qa7 {[%emt 0:00:35]} 39. Bd5+ {[%emt 0:00:08]} 1-0